000 00476nam a22001577a 4500
003 macl
005 20170420151254.0
008 170420b xxu||||| |||| 00| 0 eng d
040 _cmacl
082 _a891.433/SUR
100 _aसुरती ,आबिद
_967075
245 _aकाली किताब
260 _aदिल्‍ली
_bप्रतिभा प्रतिष्‍ठान
_c2015
650 _aउपन्‍यास
_967076
942 _2ddc
_cHIN
999 _c56282
_d56282